Christianity, Islam and the Negro Race (Record no. 19052)
[ view plain ]
| 000 -LEADER | |
|---|---|
| fixed length control field | 00625nam a2200241 a 4500 |
| 020 ## - INTERNATIONAL STANDARD BOOK NUMBER | |
| ISBN | |
| 082 00 - DEWEY DECIMAL CLASSIFICATION NUMBER | |
| Classification number | 269.2 |
| Author Cutter | BLY |
| 100 ## - MAIN ENTRY--AUTHOR NAME | |
| Author name | Blyden, Edward W |
| 245 ## - TITLE STATEMENT | |
| Title | Christianity, Islam and the Negro Race |
| 260 ## - PUBLICATION, DISTRIBUTION, ETC. (IMPRINT) | |
| Place of publication | London |
| Name of publisher | W.B.Whittingham and Co |
| Year of publication | 1887 |
| 300 ## - PHYSICAL DESCRIPTION | |
| Number of Pages | 407p |
| 500 ## - GENERAL NOTE | |
| General note | includes index and biblioraphy |
| 505 2# - FORMATTED CONTENTS NOTE | |
| Formatted contents note | Terms, Appendix, Bibliography, Vol.3 |
| 650 ## - SUBJECT ADDED ENTRY--TOPICAL TERM | |
| Topical Term | Evangelistic Work |
| 942 ## - ADDED ENTRY ELEMENTS (KOHA) | |
| Koha item type | Books |
| 700 1# - | |
| -- | Blyden, Edward W |
| Collection code | Home library | Current library | Date acquired | Cost, normal purchase price | Full call number | Accession Number | Koha item type |
|---|---|---|---|---|---|---|---|
| Henry Martyn Institute Library | Henry Martyn Institute Library | 07/13/2007 | 120.00 | 269.2 BLY | 11001374 | Books |
